[Event "85th YMCA Masters "]
[Site "Warszawa"]
[Date "2011.01.07"]
[Round "1"]
[White "Adamski, Andrzej"]
[Black "Lewandowski, Rafal"]
[Result "1/2-1/2"]
[WhiteElo "2258"]
[BlackElo "2200"]
[Annotator "Admin"]
[PlyCount "136"]
[EventDate "2011.01.07"]
[EventType "tourn"]
[EventRounds "1"]
[EventCountry "POL"]
[SourceDate "2011.01.07"]

1. e4 c5 2. c3 d5 3. exd5 Qxd5 4. d4 Nf6 5. Nf3 e6 6. Be3 cxd4 7. cxd4 Nc6 8.
Nc3 Qd6 9. Bc4 Be7 10. O-O O-O 11. Qe2 b6 12. Rad1 Nb4 13. Ne5 Bb7 14. f4 Nbd5
15. Bc1 Rac8 16. Nb5 Qb8 17. Rd3 a6 18. Nc3 Qa7 19. a4 Rc7 20. Rh3 g6 21. Kh1
Rfc8 22. Bd2 Bf8 23. Re1 Qa8 24. Bd3 Bg7 25. Kg1 Nb4 26. Bb1 Rd8 27. Ne4 Bxe4
28. Bxe4 Qxe4 29. Qxe4 Nxe4 30. Bxb4 Rxd4 31. Rb3 Rc2 32. Nf3 Rdc4 33. Ne5 Rd4
34. Nf3 Rdc4 35. Ne5 Bxe5 36. fxe5 Nd2 37. Bxd2 Rxd2 38. Rc3 Rg4 39. g3 Rb4 40.
b3 Rb2 41. Ree3 Rd4 42. Rcd3 Rxd3 43. Rxd3 Re2 44. Rd6 b5 45. Rxa6 bxa4 46.
bxa4 Rxe5 47. Kf2 Rc5 48. g4 h5 49. h3 hxg4 50. hxg4 Rc3 51. Ra5 Kf8 52. g5 Rc7
53. Ke3 Rc3+ 54. Ke4 Kg7 55. Kf4 Rc7 56. Kf3 f6 57. gxf6+ Kxf6 58. Ra8 Ke5 59.
Ra5+ Kd6 60. Ra6+ Kd5 61. Ra8 Rc3+ 62. Ke2 g5 63. Rg8 e5 64. Rxg5 Rc4 65. a5
Ra4 66. a6 Rxa6 67. Rg4 Rc6 68. Ra4 Rc4 $11 1/2-1/2

[Event "85th YMCA Masters "]
[Site "Warszawa"]
[Date "2011.01.07"]
[Round "1"]
[White "Strzemiecki, Zbigniew"]
[Black "Leniart, Arkadiusz"]
[Result "1/2-1/2"]
[WhiteElo "2390"]
[BlackElo "2442"]
[Annotator "Admin"]
[PlyCount "46"]
[EventDate "2011.01.07"]
[EventType "tourn"]
[EventRounds "1"]
[EventCountry "POL"]
[SourceDate "2011.01.07"]

1. e4 c5 2. Nf3 d6 3. d4 cxd4 4. Qxd4 Nf6 5. Be3 Nc6 6. Bb5 Bd7 7. Bxc6 Bxc6 8.
Nbd2 g6 9. c4 $11 Bg7 10. Qd3 O-O 11. O-O b6 12. Nd4 Bb7 13. f3 Nd7 14. Rac1
Ne5 15. Qe2 e6 16. Rfd1 Qe7 17. Nb5 Rfd8 18. Bd4 Bc6 19. Nc3 Qb7 20. Nf1 Bh6
21. Be3 Bg7 22. Bd4 Bh6 23. Be3 Bg7 $11 1/2-1/2

[Event "85th YMCA Masters "]
[Site "Warszawa"]
[Date "2011.01.07"]
[Round "1"]
[White "Bobula, Mateusz"]
[Black "Kukawski, Maciej"]
[Result "1-0"]
[WhiteElo "2393"]
[BlackElo "2331"]
[PlyCount "81"]
[EventDate "2011.01.07"]
[EventType "tourn"]
[EventRounds "1"]
[EventCountry "POL"]
[SourceDate "2011.01.07"]

1. d4 d5 2. c4 e6 3. Nf3 c6 4. e3 Bd6 5. Nc3 f5 6. Rb1 Nf6 7. b4 dxc4 8. Bxc4
b5 9. Bd3 a5 10. bxa5 Qxa5 11. Bd2 b4 12. Ne2 Ba6 13. Bxa6 Nxa6 14. Qb3 Qd5 15.
O-O Qxb3 16. axb3 Nc7 17. Rfc1 Kd7 18. Nf4 Ncd5 19. Nd3 Rhc8 20. Nfe5+ Bxe5 21.
Nxe5+ Kd6 22. Nd3 Rcb8 23. f3 Ra2 24. Rb2 Ra3 25. Ne5 Ra6 26. Rbc2 Rc8 27. Nd3
Ra3 28. Nc5 e5 29. Nb7+ Ke7 30. dxe5 Nd7 31. Nd6 Rf8 32. Nc4 Rxb3 33. Na5 Rd3
34. Nxc6+ Ke6 35. Nxb4 Nxb4 36. Bxb4 Rb8 37. Rc6+ Kxe5 38. f4+ Ke4 39. Re6+ Kd5
40. Rd6+ Ke4 41. Rc4+ 1-0

[Event "85th YMCA Masters "]
[Site "Warszawa"]
[Date "2011.01.19"]
[Round "2"]
[White "Lewandowski, Rafal"]
[Black "Malec, Sebastian"]
[Result "1/2-1/2"]
[WhiteElo "2200"]
[BlackElo "2214"]
[PlyCount "86"]
[EventDate "2011.01.07"]
[EventType "tourn"]
[EventRounds "1"]
[EventCountry "POL"]
[SourceDate "2011.01.07"]

1. e4 e6 2. d4 d5 3. Nc3 Bb4 4. e5 Ne7 5. a3 Bxc3+ 6. bxc3 c5 7. Qg4 Kf8 8. Nf3
Qa5 9. Bd2 Qa4 10. Bd3 c4 11. Be2 Qxc2 12. O-O Nbc6 13. Rfc1 Qf5 14. Qg3 h6 15.
Bd1 b6 16. h3 Qh7 17. Bc2 Qg8 18. h4 Ke8 19. h5 Kd8 20. Nh4 Kc7 21. a4 Bd7 22.
Rcb1 a5 23. Bc1 Kb7 24. Ba3 Be8 25. Rb2 Ra6 26. Rab1 Ka7 27. Nf3 Nc8 28. Nh2
N6e7 29. Qh4 $11 Nc6 30. Ng4 Bd7 31. f4 Qe8 32. Qe1 N6e7 33. Qd1 Nf5 34. Rb5
Ka8 35. Bxf5 exf5 36. Ne3 Bxb5 37. Rxb5 Qc6 38. Rxd5 Ra7 39. Rb5 Qe4 40. Nxc4
Rc7 41. Qb3 Qe1+ 42. Kh2 Qh4+ 43. Kg1 Qe1+ 1/2-1/2

[Event "85th YMCA Masters "]
[Site "Warszawa"]
[Date "2011.01.14"]
[Round "2"]
[White "Janczarski, Michal"]
[Black "Nguyen, Piotr"]
[Result "1-0"]
[WhiteElo "2296"]
[BlackElo "2394"]
[PlyCount "121"]
[EventDate "2011.01.07"]
[EventType "tourn"]
[EventRounds "1"]
[EventCountry "POL"]
[SourceDate "2011.01.07"]

1. c4 Nf6 2. g3 g6 3. Bg2 Bg7 4. Nc3 O-O 5. e4 d6 6. Nge2 c5 7. O-O Nc6 8. a3
Bg4 9. f3 Bd7 10. Rb1 a5 11. d3 Ne8 12. Be3 Nc7 13. f4 Rb8 14. e5 $11 dxe5 15.
Bxc5 Bf5 16. Bb6 Qd7 17. Nd5 Na8 18. Bc5 Rfd8 19. fxe5 b6 20. Qa4 Nd4 21. Nxe7+
Kh8 22. Qxd7 Nxe2+ 23. Kf2 Bxd7 24. Be3 Re8 25. Nd5 Bg4 26. Bf3 Nxg3 $11 27.
hxg3 Bf5 28. Rfd1 Bxe5 29. b4 h5 30. Rbc1 Nc7 31. d4 Nxd5 32. Bxd5 Bxg3+ 33.
Kxg3 Rxe3+ 34. Kf4 Rxa3 35. bxa5 Rxa5 36. Ke5 Rd8 37. Ra1 Kg7 38. Rxa5 bxa5 39.
Bb7 f6+ 40. Kf4 Bc2 41. Rd2 g5+ 42. Kf3 Bb3 43. c5 a4 44. Rd3 Bc4 45. Rd1 Rb8
46. Rc1 Bb3 47. c6 Bd5+ 48. Kf2 Rh8 49. Rc5 Be4 50. d5 h4 51. c7 h3 52. d6 Bxb7
53. d7 h2 54. Rc1 h1=Q 55. Rxh1 Bxh1 56. c8=Q Rxc8 57. dxc8=Q Bd5 58. Qd7+ Bf7
59. Qxa4 Kg6 60. Ke3 Kf5 61. Qe4# 1-0

[Event "85th YMCA Masters "]
[Site "Warszawa"]
[Date "2011.01.14"]
[Round "2"]
[White "Kukawski, Maciej"]
[Black "Moskwinski, Tadeusz"]
[Result "1-0"]
[WhiteElo "2331"]
[BlackElo "2218"]
[PlyCount "69"]
[EventDate "2011.01.07"]
[EventType "tourn"]
[EventRounds "1"]
[EventCountry "POL"]
[SourceDate "2011.01.07"]

1. e4 e6 2. d3 c5 3. Nd2 Nc6 4. g3 g6 5. Bg2 Bg7 6. Ngf3 Nge7 7. O-O d5 8. Re1
Qc7 9. Qe2 b6 10. e5 Bb7 11. a3 h6 12. h4 a5 13. Nf1 Nd4 14. Nxd4 cxd4 15. Bf4
Nc6 16. Nh2 g5 17. hxg5 hxg5 18. Bxg5 Bxe5 19. Ng4 Bg7 20. Qf3 Ne7 21. Nf6+ Kf8
22. Rxe6 fxe6 23. Nxd5+ Kg8 24. Nxc7 Bxf3 25. Bxf3 Rf8 26. Bg4 Ng6 27. Bxe6+
Kh7 28. Kg2 Ne5 29. Be7 Rb8 30. f4 Ng6 31. Rh1+ Bh6 32. Bf6 Rb7 33. Bxh8 Rxc7
34. Bxd4 Rxc2+ 35. Kf3 1-0

[Event "85th YMCA Masters "]
[Site "Warszawa"]
[Date "2011.01.14"]
[Round "2"]
[White "Leniart, Arkadiusz"]
[Black "Bobula, Mateusz"]
[Result "1/2-1/2"]
[WhiteElo "2442"]
[BlackElo "2393"]
[PlyCount "81"]
[EventDate "2011.01.07"]
[EventType "tourn"]
[EventRounds "1"]
[EventCountry "POL"]
[SourceDate "2011.01.07"]

1. e4 e6 2. d4 d5 3. Nc3 Bb4 4. e5 c5 5. a3 Bxc3+ 6. bxc3 Ne7 7. Qg4 O-O 8. Bd3
f5 9. exf6 Rxf6 10. Bg5 Rf7 11. Qh5 g6 12. Qd1 Nbc6 13. Nf3 Qf8 14. O-O c4 15.
Be2 h6 16. Be3 Bd7 17. Ne5 Nxe5 18. dxe5 Nf5 19. Bd4 Nxd4 20. cxd4 b5 21. Qd2
a5 22. f4 Kg7 23. h4 h5 24. g4 Qe7 25. gxh5 Qxh4 26. Rf2 Qg3+ 27. Rg2 Qxf4 28.
Rxg6+ Kh7 29. Qxf4 Rxf4 30. c3 Raf8 31. Rb1 Be8 32. Rg2 Kh6 33. Bg4 Bd7 34. Kh2
Rg8 35. Be2 Rxg2+ 36. Kxg2 Be8 37. Kg3 Re4 38. Kf2 Rh4 39. Kg3 Re4 40. Kf2 Rh4
41. Kg3 1/2-1/2

[Event "85th YMCA Masters "]
[Site "Warszawa"]
[Date "2011.01.20"]
[Round "2"]
[White "Adamski, Andrzej"]
[Black "Strzemiecki, Zbigniew"]
[Result "0-1"]
[WhiteElo "2258"]
[BlackElo "2390"]
[PlyCount "101"]
[EventDate "2011.01.07"]
[EventType "tourn"]
[EventRounds "1"]
[EventCountry "POL"]
[SourceDate "2011.01.07"]

1. e4 e6 2. d4 d5 3. Nc3 Bb4 4. exd5 exd5 5. Bd3 Nc6 6. Nge2 Nge7 7. a3 Bxc3+
8. bxc3 Bf5 9. Rb1 b6 10. O-O Qd7 11. Ng3 Bxd3 12. cxd3 O-O-O 13. Re1 Nf5 14.
Qg4 Nxg3 15. Qxg3 Rde8 16. Bf4 f6 17. h4 g6 18. Kh2 Ne7 19. Qh3 Qxh3+ 20. Kxh3
Kd7 21. Rb2 Nf5 22. Rbe2 Rxe2 23. Rxe2 h5 24. f3 c6 25. Bh2 Re8 26. Rxe8 Kxe8
27. Bf4 Ng7 28. g4 Ne6 29. Bb8 Kd7 30. Kg3 Kc8 31. Bd6 Kb7 32. Kf2 Ka6 33. Bb8
Kb7 34. Bd6 a5 35. Ke3 Ka6 36. Kd2 Kb5 37. Kc2 f5 38. gxh5 gxh5 39. Kb3 Ka6 40.
Kc2 Kb7 41. Be5 c5 42. dxc5 Nxc5 43. c4 Kc6 44. Kc3 Ne6 45. Bd4 b5 46. cxd5+
Kxd5 47. Bb6 Nd4 48. Bxa5 Nxf3 49. Bd8 Nd4 50. Bg5 f4 51. Kb4 0-1

[Event "85th YMCA Masters "]
[Site "Warszawa"]
[Date "2011.02.02"]
[Round "3"]
[White "Strzemiecki, Zbigniew"]
[Black "Lewandowski, Rafal"]
[Result "1-0"]
[WhiteElo "2390"]
[BlackElo "2200"]
[PlyCount "171"]
[EventDate "2011.01.07"]
[EventType "tourn"]
[EventRounds "1"]
[EventCountry "POL"]
[SourceDate "2011.01.07"]

1. e4 c5 2. Nf3 e6 3. d4 cxd4 4. Nxd4 a6 5. Bd3 g6 6. Be3 Bg7 7. O-O Nc6 8.
Nxc6 bxc6 9. Nc3 d5 10. Na4 Rb8 11. c4 d4 12. Bd2 Ne7 13. c5 O-O 14. b4 f5 15.
f3 e5 16. Qe2 Ra8 17. Nb6 Ra7 18. Nc4 f4 19. Nd6 h6 20. a4 Kh7 21. Rfc1 Ng8 22.
b5 axb5 23. axb5 Rxa1 24. Rxa1 cxb5 25. Ra7 Be6 26. Bxb5 Qb8 27. Rb7 Qa8 28.
Bc4 Bc8 29. Rb1 Nf6 30. Qd3 Bd7 31. Bb5 Rb8 32. Bxd7 Nxd7 33. Rc1 Qc6 34. Qc4
Rb2 35. Be1 d3 36. Bf2 d2 37. Rd1 Nb8 38. h4 Qa6 39. Qf7 Qa2 40. Qxa2 Rxa2 41.
Kf1 Bf8 42. Nc4 Rc2 43. Nxe5 Bg7 44. Nd3 g5 45. Ke2 Bc3 46. g3 fxg3 47. Bxg3
Nc6 48. hxg5 hxg5 49. Nf2 Bd4 50. Rxd2 Rxd2+ 51. Kxd2 Bxc5 52. Nd3 Bd4 53. Ke2
Kg6 54. Kf1 Nd8 55. Kg2 Ne6 56. Kh3 Kh5 57. Nb4 Bh8 58. Nd5 Nd4 59. Kg2 Nc6 60.
Bc7 Bb2 61. Ne3 Bh8 62. Ng4 Bc3 63. Kf2 Kg6 64. Ke3 Bh8 65. Kd3 Kf7 66. Ke3
Bd4+ 67. Ke2 Bh8 68. Bb6 Kg6 69. Be3 Bg7 70. Kd3 Kh5 71. Kc4 Ne7 72. Bf2 Kg6
73. Kc5 Bb2 74. Kd6 Nc8+ 75. Ke6 Ba3 76. Ne5+ Kh5 77. Nc4 Bb4 78. Ne5 Nd6 79.
Bg3 Nb5 80. Nc6 Bc3 81. Kf7 Nd4 82. Nxd4 Bxd4 83. e5 Bxe5 84. Bxe5 g4 85. f4 g3
86. f5 1-0

[Event "85th YMCA Masters "]
[Site "Warszawa"]
[Date "2011.02.02"]
[Round "3"]
[White "Bobula, Mateusz"]
[Black "Adamski, Andrzej"]
[Result "0-1"]
[WhiteElo "2393"]
[BlackElo "2258"]
[PlyCount "62"]
[EventDate "2011.01.07"]
[EventType "tourn"]
[EventRounds "1"]
[EventCountry "POL"]
[SourceDate "2011.01.07"]

1. d4 d5 2. c4 e6 3. Nc3 Nf6 4. Bg5 Be7 5. Nf3 O-O 6. e3 a6 7. Qc2 h6 8. Bh4
dxc4 9. Bxc4 b5 10. Bd3 Bb7 11. O-O Nbd7 12. Rad1 Rc8 13. e4 c5 14. dxc5 Rxc5
15. Qe2 Nh5 16. Bxe7 Qxe7 17. Qe3 Rfc8 18. Nd4 Ne5 19. f4 Nxd3 20. Rxd3 Nf6 21.
a3 Rc4 22. e5 Nd5 23. Nxd5 Bxd5 24. f5 Qg5 25. Qf2 Rc1 26. Ne2 Rxf1+ 27. Qxf1
Rc2 28. fxe6 fxe6 29. Rg3 Qxe5 30. Nf4 Qd4+ 31. Kh1 Rf2 0-1

[Event "85th YMCA Masters "]
[Site "Warszawa"]
[Date "2011.02.17"]
[Round "3"]
[White "Nguyen, Piotr"]
[Black "Kukawski, Maciej"]
[Result "1-0"]
[WhiteElo "2394"]
[BlackElo "2331"]
[PlyCount "41"]
[EventDate "2011.01.07"]
[EventType "tourn"]
[EventRounds "1"]
[EventCountry "POL"]
[SourceDate "2011.01.07"]

1. d4 d5 2. c4 e6 3. Nc3 c6 4. e4 dxe4 5. Nxe4 Bb4+ 6. Bd2 Qxd4 7. Bxb4 Qxe4+
8. Be2 Na6 9. Ba5 f6 10. Qd8+ Kf7 11. O-O-O e5 12. Bd3 Qxg2 13. Ne2 b6 14. c5
b5 15. Bc2 Nxc5 16. Rhg1 Qxf2 17. Qc7+ Ne7 18. Rxg7+ Kxg7 19. Qxe7+ Kh6 20.
Bd2+ Kh5 21. Qf7+ 1-0

[Event "85th YMCA Masters "]
[Site "Warszawa"]
[Date "2011.02.02"]
[Round "3"]
[White "Malec, Sebastian"]
[Black "Janczarski, Michal"]
[Result "0-1"]
[WhiteElo "2214"]
[BlackElo "2296"]
[PlyCount "136"]
[EventDate "2011.01.07"]
[EventType "tourn"]
[EventRounds "1"]
[EventCountry "POL"]
[SourceDate "2011.01.07"]

1. d4 d5 2. c4 c6 3. Nf3 e6 4. e3 Nf6 5. Nbd2 Be7 6. Bd3 O-O 7. O-O dxc4 8.
Nxc4 b5 9. Nce5 Bb7 10. Qc2 h6 11. Bd2 a5 12. Rac1 Qb6 13. e4 Rc8 14. Be3 Qd8
15. Rfd1 Nbd7 16. Qe2 Qe8 17. Bb1 Nxe5 18. Nxe5 Nd7 19. Nxd7 Qxd7 20. e5 Bf8
21. Qg4 g6 22. Qh4 h5 23. Bg5 b4 24. Rd3 c5 25. dxc5 Qb5 26. Re1 Rxc5 27. Bf6
Rac8 28. Qg5 Qc6 29. Rdd1 Bh6 30. Qg3 Bf4 31. Qh3 Rc1 32. Bd3 Qd5 33. Rxc1 Rxc1
34. Rxc1 Bxc1 35. Bf1 Qd1 36. Qb3 Qxb3 37. axb3 Bxb2 38. Bb5 Bd5 39. Ba4 g5 40.
Bxg5 Bxe5 41. Bd8 Bd6 42. Bb6 Kg7 43. f3 Kf6 44. h3 e5 45. Kf2 e4 46. fxe4 Bxe4
47. h4 Bf5 48. Bxa5 Bc5+ 49. Kg3 Ke5 50. Bc7+ Ke4 51. Kh2 Be7 52. g3 Be6 53.
Bc6+ Ke3 54. Bf4+ Ke2 55. Kg2 Bxb3 56. Bf3+ Kd3 57. Bxh5 Bd5+ 58. Kh3 Bf6 59.
Bd1 b3 60. Bxb3 Bxb3 61. Kg4 Ke4 62. Kh5 Bd1+ 63. Kh6 Bxh4 64. Kg7 f5 65. Kg6
Bg4 66. Bd6 Bd8 67. Bf4 Bb6 68. Bg5 Be3 0-1

[Event "85th YMCA Masters "]
[Site "Warszawa"]
[Date "2011.01.28"]
[Round "4"]
[White "Kukawski, Maciej"]
[Black "Malec, Sebastian"]
[Result "1-0"]
[WhiteElo "2331"]
[BlackElo "2214"]
[PlyCount "127"]
[EventDate "2011.01.07"]
[EventType "tourn"]
[EventRounds "1"]
[EventCountry "POL"]
[SourceDate "2011.01.07"]

1. e4 e6 2. d3 c5 3. Nd2 Nc6 4. g3 g6 5. Bg2 Bg7 6. Ngf3 Nge7 7. O-O O-O 8. Re1
d6 9. c3 e5 10. a4 h6 11. Nc4 Be6 12. Rb1 a6 13. b4 b5 14. Na3 cxb4 15. cxb4
Qb6 16. Be3 Nd4 17. a5 Qa7 18. Nc2 Rac8 19. Ncxd4 exd4 20. Bf4 Rfd8 21. Rc1 Nc6
22. Bd2 Qd7 23. Nh4 Ne5 24. Qe2 Bc4 25. dxc4 bxc4 26. f4 Nd3 27. Rxc4 Nxe1 28.
Bxe1 d5 29. Rxc8 Qxc8 30. e5 g5 31. Nf3 gxf4 32. gxf4 Qc4 33. Bf1 d3 34. Qe3
Qe4 35. Bd2 Bf8 36. Qxd3 Rb8 37. Qxe4 dxe4 38. Nd4 Bxb4 39. Bxb4 Rxb4 40. Nf5
Ra4 41. Bxa6 Rxa5 42. Be2 f6 43. Nxh6+ Kg7 44. Nf5+ Kf8 45. Ne3 fxe5 46. f5 Kf7
47. Ng4 Ra4 48. Kf2 Kg7 49. Ke3 Rb4 50. h4 Rb3+ 51. Kxe4 Rh3 52. f6+ Kf8 53.
Nxe5 Rxh4+ 54. Kf5 Rb4 55. Bd3 Ra4 56. Ke6 Ra7 57. Bb5 Kg8 58. Nd7 Ra8 59. Ke7
Kh7 60. Nf8+ Kh8 61. f7 Kg7 62. Be8 Kh6 63. Nd7 Kh7 64. Nf6+ 1-0

[Event "85th YMCA Masters "]
[Site "Warszawa"]
[Date "2011.02.10"]
[Round "4"]
[White "Leniart, Arkadiusz"]
[Black "Nguyen, Piotr"]
[Result "0-1"]
[WhiteElo "2442"]
[BlackElo "2394"]
[Annotator "M"]
[PlyCount "72"]
[EventDate "2011.01.07"]
[EventType "tourn"]
[EventRounds "1"]
[EventCountry "POL"]
[SourceDate "2011.01.07"]

1. d4 g6 2. c4 Bg7 3. Nc3 d6 4. e4 e5 5. d5 Nd7 6. Be3 a5 7. Bd3 Ne7 8. Nge2
O-O 9. Qd2 f5 10. exf5 gxf5 11. f4 Nf6 12. O-O-O Bd7 13. Bc2 Qe8 14. h3 b5 15.
cxb5 Bxb5 16. Nxb5 Qxb5 17. Nc3 Qb4 18. a3 Qb7 19. g4 Rab8 20. Bxf5 exf4 21.
Bd4 c5 22. Bxf6 Bxf6 23. Be6+ Kh8 24. Qc2 Ng6 25. Rh2 $11 f3 26. Rf1 Nf4 27.
Kb1 Ne2 28. Nd1 Be5 29. Rhf2 Nd4 30. Qd3 Qb3 31. Qxb3 Rxb3 32. Bf5 Bg3 33. Bc2
Rb7 34. Rd2 Re7 35. Nf2 Re2 36. Kc1 Bf4 0-1

[Event "85th YMCA Masters "]
[Site "Warszawa"]
[Date "2011.01.28"]
[Round "4"]
[White "Adamski, Andrzej"]
[Black "Moskwinski, Tadeusz"]
[Result "1-0"]
[WhiteElo "2258"]
[BlackElo "2218"]
[PlyCount "101"]
[EventDate "2011.01.07"]
[EventType "tourn"]
[EventRounds "1"]
[EventCountry "POL"]
[SourceDate "2011.01.07"]

1. e4 c5 2. Nc3 d6 3. Nf3 Nc6 4. d4 cxd4 5. Nxd4 Nf6 6. Be2 e6 7. Be3 a6 8. f4
Qc7 9. Qd2 Be7 10. O-O-O O-O 11. Rhg1 Re8 12. g4 Bf8 13. g5 Nd7 14. h4 b5 15.
Rdf1 b4 16. Nd1 Bb7 17. f5 Nde5 18. g6 Nxd4 19. gxf7+ Qxf7 20. Bxd4 exf5 21.
exf5 Qxa2 22. Qxb4 Rab8 23. Nc3 Qf7 24. f6 g6 25. Bxe5 Rxe5 26. h5 g5 27. Qd4
Rc8 28. Bd3 Rcc5 29. b3 Kh8 30. h6 Qc7 31. Kb2 Ra5 32. f7 Qc5 33. Qxc5 Raxc5
34. Rf6 Rc8 35. Bc4 d5 36. Bxa6 Bxa6 37. Rxa6 d4 38. Na4 Re2 39. Rc1 g4 40. Nb6
Rc7 41. Ra8 Rxf7 42. Nd7 Kg8 43. Rg1 Re4 44. Nc5 Ref4 45. Ne6 R7f6 46. Nxf4
Rxf4 47. Re1 Kf7 48. Ra7+ Kg6 49. Re6+ Kf5 50. Rf7+ Kxe6 51. Rxf4 1-0

[Event "85th YMCA Masters "]
[Site "Warszawa"]
[Date "2011.02.09"]
[Round "4"]
[White "Strzemiecki, Zbigniew"]
[Black "Bobula, Mateusz"]
[Result "1-0"]
[WhiteElo "2390"]
[BlackElo "2393"]
[Annotator "M"]
[PlyCount "57"]
[EventDate "2011.01.07"]
[EventType "tourn"]
[EventRounds "1"]
[EventCountry "POL"]
[SourceDate "2011.01.07"]

1. e4 c6 2. d4 d5 3. f3 dxe4 4. fxe4 e5 5. Nf3 Bg4 6. Bc4 Nd7 7. O-O Ngf6 8.
Bg5 Qb6 9. Nbd2 Bh5 10. Kh1 exd4 11. Qe1 O-O-O 12. e5 Re8 13. Qh4 Bxf3 14. exf6
Bd5 15. Rae1 Re6 16. Bxd5 cxd5 17. fxg7 Bxg7 18. Rxf7 Rhe8 19. Ref1 Rg6 20. Bf4
h6 $11 21. Bg3 Qe6 22. Rxg7 Rxg7 23. Qxd4 Reg8 24. Qxa7 Rxg3 25. hxg3 Rxg3 26.
Qf2 Rg5 27. Nf3 Rh5+ 28. Kg1 Nf6 29. Nd4 1-0

[Event "85th YMCA Masters "]
[Site "Warszawa"]
[Date "2011.02.04"]
[Round "5"]
[White "Bobula, Mateusz"]
[Black "Lewandowski, Rafal"]
[Result "1/2-1/2"]
[WhiteElo "2393"]
[BlackElo "2200"]
[PlyCount "85"]
[EventDate "2011.01.07"]
[EventType "tourn"]
[EventRounds "1"]
[EventCountry "POL"]
[SourceDate "2011.01.07"]

1. d4 Nf6 2. c4 e6 3. Nc3 Bb4 4. Qc2 O-O 5. a3 Bxc3+ 6. Qxc3 b6 7. Bg5 Ba6 8.
e3 d6 9. Bd3 Nbd7 10. Ne2 h6 11. Bh4 Rc8 12. O-O c5 13. Qb3 d5 14. Qa4 dxc4 15.
Qxa6 cxd3 16. Qxd3 cxd4 17. Nxd4 Nc5 18. Qe2 Qd5 19. Rad1 Qh5 20. Qxh5 Nxh5 21.
Nb5 g5 22. Bg3 Nxg3 23. hxg3 a6 24. Nd6 Rc7 25. e4 Nb7 26. e5 Nxd6 27. Rxd6 Rb8
28. f4 Rc2 29. Rf2 Rc1+ 30. Kh2 Re1 31. Rc2 a5 32. Rd7 Re4 33. Rcc7 Rf8 34. Rb7
gxf4 35. gxf4 Rxf4 36. Rxb6 Rc8 37. Rd3 Rc5 38. Rb8+ Kh7 39. Rg3 Rxe5 40. Rbg8
h5 41. R3g7+ Kh6 42. Rg3 Kh7 43. R3g7+ 1/2-1/2

[Event "85th YMCA Masters "]
[Site "Warszawa"]
[Date "2011.02.04"]
[Round "5"]
[White "Moskwinski, Tadeusz"]
[Black "Strzemiecki, Zbigniew"]
[Result "0-1"]
[WhiteElo "2218"]
[BlackElo "2390"]
[Annotator "M"]
[PlyCount "110"]
[EventDate "2011.01.07"]
[EventType "tourn"]
[EventRounds "1"]
[EventCountry "POL"]
[SourceDate "2011.01.07"]

1. e4 e6 2. d4 d5 3. Nc3 Bb4 4. Nge2 Nc6 5. a3 Ba5 6. exd5 exd5 7. g3 Bg4 8.
Qd3 Nge7 9. Bg5 f6 10. Bf4 Qd7 11. Bg2 O-O-O 12. O-O g5 13. Be3 Bf5 14. Qd2 Bh3
15. b4 Bb6 16. a4 Bxg2 17. Kxg2 a5 18. b5 Na7 19. f4 g4 20. f5 Kb8 21. Qd3 Rde8
22. Bh6 Rhg8 23. Rae1 Nac8 24. Nd1 Nd6 25. Ne3 Nf7 26. Bf4 h5 27. Nc3 Ka7 28.
Re2 Ng5 29. Bxg5 Rxg5 30. Ref2 Rh8 31. Ne2 Re8 32. c3 c6 33. bxc6 bxc6 34. Rb1
Bc7 35. Nc1 h4 36. Nb3 Bb6 37. Nc5 Qc8 38. Rfb2 Bxc5 39. dxc5 hxg3 40. hxg3 Rh8
41. Rb6 Rgh5 42. Nxg4 Nxf5 43. Rb7+ Qxb7 44. Rxb7+ Kxb7 45. Qb1+ Kc8 46. Qb6
Ne7 $11 47. Qxa5 d4 48. Qa6+ Kb8 49. cxd4 Rh1 50. Qb6+ Kc8 51. a5 f5 52. Nf2
R8h2+ 53. Kf3 Ra1 54. a6 Ra3+ 55. Kf4 Nd5+ 0-1

[Event "85th YMCA Masters "]
[Site "Warszawa"]
[Date "2011.02.04"]
[Round "5"]
[White "Nguyen, Piotr"]
[Black "Adamski, Andrzej"]
[Result "1-0"]
[WhiteElo "2394"]
[BlackElo "2258"]
[Annotator "M"]
[PlyCount "127"]
[EventDate "2011.01.07"]
[EventType "tourn"]
[EventRounds "1"]
[EventCountry "POL"]
[SourceDate "2011.01.07"]

1. d4 d5 2. Nf3 Nf6 3. e3 e6 4. Bd3 c5 5. b3 Nc6 6. Bb2 b6 7. Nbd2 Be7 8. Ne5
Nxe5 9. dxe5 Nd7 10. c4 Qc7 11. f4 Bb7 12. Qg4 g6 13. O-O d4 14. exd4 cxd4 15.
Bxd4 Bc5 16. Bf2 Bxf2+ 17. Rxf2 Nc5 18. Bc2 O-O-O 19. Qe2 Rd4 20. b4 Rhd8 $11
21. Nf3 Bxf3 22. Qxf3 Nd3 23. Bxd3 Rxd3 24. Qa8+ Qb8 25. Qc6+ Qc7 26. Qb5 Qd7
27. Qxd7+ R8xd7 28. Rc2 Rd1+ 29. Rxd1 Rxd1+ 30. Kf2 Rb1 31. b5 Kc7 32. Ke3 h6
33. Kd4 Rf1 34. g3 Rd1+ 35. Kc3 h5 36. Rd2 Rf1 37. h4 Rg1 38. Rd3 Rc1+ 39. Kb4
Rb1+ 40. Rb3 Ra1 41. a3 Rc1 42. Rc3 Rb1+ 43. Ka4 Re1 44. Kb3 Kb7 45. Rd3 Kc7
46. Kb4 Rb1+ 47. Rb3 Re1 48. Rc3 Rb1+ 49. Ka4 Re1 50. c5 Re4+ 51. Kb3 bxc5 52.
Rxc5+ Kb6 53. Rc4 Re3+ 54. Kb4 Rxg3 55. a4 a5+ 56. bxa6 Kxa6 57. Rc7 Rg4 58.
Rxf7 Rxh4 59. Kc5 Rg4 60. Kd6 g5 61. fxg5 Rxg5 62. Kxe6 Rg6+ 63. Kd7 Rh6 64.
Rf6+ 1-0

[Event "85th YMCA Masters "]
[Site "Warszawa"]
[Date "2011.02.04"]
[Round "5"]
[White "Malec, Sebastian"]
[Black "Leniart, Arkadiusz"]
[Result "0-1"]
[WhiteElo "2214"]
[BlackElo "2442"]
[PlyCount "84"]
[EventDate "2011.01.07"]
[EventType "tourn"]
[EventRounds "1"]
[EventCountry "POL"]
[SourceDate "2011.01.07"]

1. e4 c5 2. Nf3 d6 3. d4 cxd4 4. Nxd4 Nf6 5. Nc3 a6 6. f4 Qc7 7. Be3 b5 8. Nd5
Nxd5 9. exd5 g6 10. c4 bxc4 11. Qa4+ Qd7 12. Qa5 Bg7 13. Bxc4 O-O 14. O-O Qd8
15. b4 Bb7 16. Rab1 Nd7 17. Nc6 Bxc6 18. Qxd8 Rfxd8 19. dxc6 Nf6 20. Bxa6 Rxa6
21. c7 Rc8 22. b5 Rxa2 23. b6 Nd7 24. Rfc1 Nxb6 25. Rxb6 Raa8 26. Rb7 Kf8 27.
Kf1 Ke8 28. Ba7 Kd7 29. Ke2 e6 30. Kd3 d5 31. g3 Bf8 32. h4 Bd6 33. Bb6 Ra3+
34. Kd4 Rxg3 35. Rb8 Rxb8 36. cxb8=Q Bxb8 37. Ra1 Rg4 38. Kc5 Rxf4 39. Ra8 Bd6+
40. Kb5 Rb4+ 41. Ka5 Rb3 42. Ra7+ Kc6 0-1

[Event "85th YMCA Masters "]
[Site "Warszawa"]
[Date "2011.02.22"]
[Round "5"]
[White "Janczarski, Michal"]
[Black "Kukawski, Maciej"]
[Result "1/2-1/2"]
[WhiteElo "2296"]
[BlackElo "2331"]
[Annotator "M"]
[PlyCount "65"]
[EventDate "2011.01.07"]
[EventType "tourn"]
[EventRounds "1"]
[EventCountry "POL"]
[SourceDate "2011.01.07"]

1. c4 c5 2. Nc3 Nf6 3. g3 d5 4. cxd5 Nxd5 5. Bg2 Nc7 6. Qb3 Nc6 7. Bxc6+ bxc6
8. Nf3 f6 9. Qa4 e5 10. d3 Be7 11. Be3 O-O 12. O-O Ne6 13. Rfc1 Nd4 14. Bxd4
cxd4 15. Ne4 Bd7 16. Nc5 Bxc5 17. Rxc5 Qb6 18. b4 Rfb8 19. a3 a5 20. Rxa5 Rxa5
21. bxa5 Qb5 22. Qb4 c5 23. Qd2 Be6 24. a4 Qb4 25. a6 Ra8 26. Qxb4 cxb4 27. Rb1
Rxa6 28. Rxb4 Bd7 29. Nd2 Rxa4 $11 30. Rxa4 Bxa4 31. f4 Kf7 32. Nf3 Bc6 33. Kf2
$11 1/2-1/2

[Event "85th YMCA Masters "]
[Site "Warszawa"]
[Date "2011.02.16"]
[Round "6"]
[White "Lewandowski, Rafal"]
[Black "Kukawski, Maciej"]
[Result "0-1"]
[WhiteElo "2200"]
[BlackElo "2331"]
[PlyCount "88"]
[EventDate "2011.01.07"]
[EventType "tourn"]
[EventRounds "1"]
[EventCountry "POL"]
[SourceDate "2011.01.07"]

1. e4 c5 2. Nf3 e6 3. d4 cxd4 4. Nxd4 Nf6 5. Nc3 d6 6. Be2 a6 7. Be3 Qc7 8. O-O
b5 9. a3 Bb7 10. Bd3 Be7 11. f4 O-O 12. Qf3 Nc6 13. Rae1 Nd7 14. Nxc6 Bxc6 15.
Qh3 Nc5 16. Bxc5 dxc5 17. e5 h6 18. f5 c4 19. Be4 Bxe4 20. Nxe4 exf5 21. Nf6+
Bxf6 22. exf6 Qb6+ 23. Kh1 Qxf6 24. Rxf5 Rae8 25. Ref1 Qxb2 26. Qf3 Re7 27. c3
Qxa3 28. g4 Qd6 29. g5 hxg5 30. Rxg5 f6 31. Rg3 Rfe8 32. Qg2 Rd8 33. Rg6 Qd2
34. Qf3 Qd5 35. Qxd5+ Rxd5 36. Rfxf6 a5 37. Ra6 b4 38. Rac6 b3 39. Rg1 Rde5 40.
Rxc4 Re1 41. Rc8+ Kh7 42. Rb8 a4 43. c4 Rxg1+ 44. Kxg1 Ra7 0-1